| 000 | 00706nam a2200205 i 4500 | ||
|---|---|---|---|
| 001 | 154777 | ||
| 003 | ES-MaACL | ||
| 005 | 20250822063213.0 | ||
| 008 | 000307s1864 fr |||| | fre d | ||
| 040 |
_aBA _bspa _cBA |
||
| 100 | 1 |
_aGratry, Auguste-Joseph-Alphonse, _d1805-1872 _9127542 |
|
| 245 | 1 | 3 |
_aLa philosophie du credo / _cpar A. Gratry. |
| 250 | _a2e. éd. | ||
| 260 |
_aParis : _bCharles Douniol : _bJ. Lecoffre et Cie., _c1864 ( _fTypographie de Ad. Lainé et J Harvard) |
||
| 300 |
_a300, [8], 278, [1] p. ; _c18 cm. |
||
| 597 | _aSignaturizado. | ||
| 650 | 0 | 4 |
_aCredo. _911413 |
| 852 |
_aES-MaACL _jB-13467 _z-- Rúst. _x-- Edic: Corregir 260: 278 p. |
||
| 999 |
_c154777 _d154777 |
||